000
00339nam a2200145Ia 4500
008
250309s9999 xx 000 0 und d
020
_a
9789354660436
082
_a
615.5
_b
BHA-P
100
_a
BHASIN SK
245
0
_a
PHARMACEUTICAL ORGANIC CHEMISTRY
250
_a
FIRST
260
_a
DJ BOOKS
_b
CBS
_c
2025
300
_a
800
942
_c
BK
999
_c
47883
_d
47883